[Event "Regionalliga SW 1516"]
[Site "Bayern"]
[Date "2016.04.10"]
[Round "9.3"]
[White "Erler, Mark"]
[Black "Bonacci, Mauro"]
[Result "1/2-1/2"]
[WhiteElo "2010"]
[BlackElo "2067"]
[PlyCount "28"]
[EventDate "2015.10.11"]
[EventType "team-tourn"]
[EventRounds "9"]
[EventCountry "GER"]
[SourceTitle "EXT 2018"]
[Source "ChessBase"]
[SourceDate "2017.10.13"]
[SourceVersion "1"]
[SourceVersionDate "2017.10.13"]
[SourceQuality "1"]
[WhiteTeam "Tuerkheim/Bad Woerishofen"]
[BlackTeam "MSA Zugzwang II"]
[WhiteTeamCountry "GER"]
[BlackTeamCountry "GER"]

1. d4 Nf6 2. c4 g6 3. Nc3 d5 4. cxd5 Nxd5 5. Bd2 Bg7 6. e4 Nxc3 7. Bxc3 0-0 8. h3 c5 9. Nf3 cxd4 10. Bxd4 Qa5+ 11. Qd2 Qxd2+ 12. Kxd2 Rd8 13. Ke3 Nc6 14. Bxg7 Kxg7 1/2-1/2

[Event "GER-chT Betriebe 15th"]
[Site "Munich"]
[Date "2015.10.23"]
[Round "6.2"]
[White "Ristic, Sreten"]
[Black "Bonacci, Mauro"]
[Result "0-1"]
[WhiteElo "1901"]
[BlackElo "2142"]
[PlyCount "80"]
[EventDate "2015.10.22"]
[EventType "team-swiss"]
[EventRounds "7"]
[EventCountry "GER"]
[SourceTitle "EXT 2020"]
[Source "ChessBase"]
[SourceDate "2019.10.17"]
[SourceVersion "1"]
[SourceVersionDate "2019.10.17"]
[SourceQuality "1"]
[WhiteTeam "Hamburg Rapid Unilever"]
[BlackTeam "Muenchen Bayerische Landesb"]
[WhiteTeamCountry "GER"]
[BlackTeamCountry "GER"]

1. c4 Nf6 2. e3 e5 3. Qc2 Nc6 4. a3 g6 5. d3 Bg7 6. Nf3 d5 7. cxd5 Nxd5 8. Nbd2 0-0 9. Be2 Qe7 10. Rb1 a5 11. b3 Be6 12. Bb2 f6 13. Rc1 Bf7 14. 0-0 Nb6 15. Ne4 Nd7 16. Kh1 Kh8 17. Rg1 f5 18. Neg5 Bg8 19. g4 h6 20. Nh3 fxg4 21. Rxg4 Be6 22. Rg3 g5 23. Nhxg5 hxg5 24. Rxg5 Rf5 25. Rg3 Bh6 26. Rh3 Rf6 27. Rh5 Bf7 28. Rh4 Rg6 29. d4 exd4 30. Nxd4 Nxd4 31. Bxd4+ Kg8 32. Re4 Bd5 33. Bc4 Qg5 34. Bxd5+ Qxd5 35. f3 Qf7 36. Qc4 Qxc4 37. bxc4 Rf8 38. Rf1 Kf7 39. Rg4 c5 40. Rxg6 Kxg6 0-1

[Event "Regionalliga SW 1516"]
[Site "Bayern"]
[Date "2015.10.11"]
[Round "1.4"]
[White "Schmidt, Gerhard3333"]
[Black "Bonacci, Mauro"]
[Result "1-0"]
[WhiteElo "2108"]
[BlackElo "2067"]
[PlyCount "47"]
[EventDate "2015.10.11"]
[EventType "team-tourn"]
[EventRounds "9"]
[EventCountry "GER"]
[SourceTitle "EXT 2018"]
[Source "ChessBase"]
[SourceDate "2017.10.13"]
[SourceVersion "1"]
[SourceVersionDate "2017.10.13"]
[SourceQuality "1"]
[WhiteTeam "Unterhaching"]
[BlackTeam "MSA Zugzwang II"]
[WhiteTeamCountry "GER"]
[BlackTeamCountry "GER"]

1. d4 Nf6 2. Nf3 g6 3. c4 Bg7 4. Nc3 d5 5. Bg5 Ne4 6. cxd5 Nxg5 7. Nxg5 e6 8. Qd2 exd5 9. Qe3+ Kf8 10. Qf4 Bf6 11. h4 c6 12. e3 h6 13. Nf3 Kg7 14. Bd3 Qe7 15. 0-0-0 b5 16. g4 b4 17. Ne2 Kg8 18. g5 hxg5 19. Nxg5 Ba6 20. Bxa6 Nxa6 21. Rdg1 c5 22. Kb1 cxd4 23. Nxd4 Nc5 24. Nc6 1-0

[Event "Cesenatico op 14th"]
[Site "Cesenatico"]
[Date "2010.09.06"]
[Round "8"]
[White "Bonacci, Mauro"]
[Black "Friedrich, Norbert"]
[Result "1/2-1/2"]
[WhiteElo "2198"]
[BlackElo "2300"]
[PlyCount "124"]
[EventDate "2010.08.30"]
[EventType "swiss"]
[EventRounds "9"]
[EventCountry "ITA"]
[SourceTitle "CBM 138 Extra"]
[Source "ChessBase"]
[SourceDate "2010.10.29"]
[SourceVersion "1"]
[SourceVersionDate "2010.10.29"]
[SourceQuality "1"]

1. e4 c5 2. Nf3 e6 3. d4 cxd4 4. Nxd4 a6 5. Be3 Nf6 6. Nd2 Qc7 7. Be2 d5 8. exd5 Nxd5 9. Bg5 Nf4 10. Bxf4 Qxf4 11. N2f3 Be7 12. 0-0 0-0 13. Bd3 Nd7 14. c3 Nc5 15. Bc2 e5 16. Re1 Bg4 17. h3 Bh5 18. Nf5 Bf6 19. g4 Rad8 20. Qe2 Bg6 21. b4 e4 22. N3d4 Bxf5 23. bxc5 Bxd4 24. cxd4 Rxd4 25. Qe3 Qxe3 26. fxe3 Rd2 27. Bb3 Be6 28. Red1 Rfd8 29. Rxd2 Rxd2 30. Bxe6 fxe6 31. Rb1 Rc2 32. Rxb7 Rxc5 33. a4 Rc4 34. a5 Rc5 35. Rb6 Rxa5 36. Rxe6 Ra4 37. g5 Kf7 38. Re5 Rb4 39. Kf2 Rb5 40. Rxe4 Rxg5 41. Rc4 Re5 42. Kf3 a5 43. Kf4 Re6 44. Ra4 Ra6 45. Kf5 Ke7 46. Ke5 Rh6 47. e4 Rxh3 48. Kd5 Kf6 49. Kd4 Rh5 50. Ra1 Rb5 51. Rc1 Rb6 52. Kd5 Ra6 53. e5+ Ke7 54. Rc7+ Kf8 55. Rc8+ Kf7 56. Rc7+ Kg6 57. Rc6+ Rxc6 58. Kxc6 Kf5 59. Kd6 a4 60. e6 a3 61. e7 a2 62. e8Q a1Q 1/2-1/2

[Event "Landesliga Sued 0809"]
[Site "Bayern"]
[Date "2008.11.30"]
[Round "3.4"]
[White "Bonacci, Mauro"]
[Black "Holl, Andreas"]
[Result "1-0"]
[WhiteElo "2127"]
[BlackElo "2146"]
[PlyCount "121"]
[EventDate "2008.10.05"]
[EventType "team-tourn"]
[EventRounds "9"]
[EventCountry "GER"]
[SourceTitle "EXT 2020"]
[Source "ChessBase"]
[SourceDate "2019.10.17"]
[SourceVersion "1"]
[SourceVersionDate "2019.10.17"]
[SourceQuality "1"]
[WhiteTeam "Muenchen Zugzwang"]
[BlackTeam "Ingolstadt"]
[WhiteTeamCountry "GER"]
[BlackTeamCountry "GER"]

1. e4 c5 2. Nf3 d6 3. c3 g6 4. d4 Nd7 5. Bc4 Bg7 6. Bxf7+ Kxf7 7. Ng5+ Ke8 8. Qb3 Ne5 9. dxe5 d5 10. exd5 h6 11. Nf3 Bg4 12. Qb5+ Qd7 13. Qxd7+ Kxd7 14. Nbd2 e6 15. dxe6+ Kxe6 16. 0-0 Ne7 17. h3 Bxf3 18. Nxf3 Rhf8 19. Rd1 Rad8 20. Rxd8 Rxd8 21. Bf4 g5 22. Bh2 Kf5 23. g4+ Ke6 24. h4 gxh4 25. Nxh4 Rd2 26. f4 Rxb2 27. f5+ Kf7 28. f6 Bxf6 29. exf6 Kxf6 30. Rf1+ Kg5 31. Nf3+ Kxg4 32. Ne5+ Kg5 33. Bf4+ Kh5 34. Rf3 Kh4 35. Bg3+ Kg5 36. Bf4+ Kh4 37. Be3 Rxa2 38. Bxc5 Nc6 39. Nxc6 bxc6 40. Rf6 h5 41. Rxc6 Kg3 42. Bf2+ Kf3 43. Rf6+ Kg4 44. Rg6+ Kf5 45. Rh6 Kg4 46. c4 a5 47. Rg6+ Kf5 48. Rg3 Rc2 49. c5 a4 50. Ra3 Rc4 51. Kg2 Kg4 52. Rh3 Kg5 53. Kf3 a3 54. Be3+ Kg6 55. Rh2 h4 56. Ra2 Rc3 57. Ke4 h3 58. Bd4 Rc1 59. Rh2 a2 60. Rxa2 Kg5 61. Be3+ 1-0